Cuentos de terror 2 /

Guardado en:
Autor Principal: Bennett, Jill
Formato: Libro
Publicado: Colombia : Norma, 1996
Series:Torre de papel
Materias:
Etiquetas: Agregar Etiqueta
Sin Etiquetas, Sea el primero en etiquetar este registro!
LEADER 00915nam a22002775a 4500
001 CEM.cems017626
005 20110704120717.0
008 130507s1996##################000#0#####d
003 CEMS
020 |a 9580433933 
082 0 4 |a 813.5 
100 1 |a Bennett, Jill 
245 1 0 |a Cuentos de terror 2 /  |c Jill Bennett ... [et Al.] 
260 |a Colombia :  |b Norma,  |c 1996 
300 |a 135 p. 
490 0 |a Torre de papel 
500 |a Para jóvenes adultos 
505 0 |a La otra habitación / Jill Bennett -- Campanas de navidad / Tessa Krailing -- El enigma del leñador / Garry Kilworth -- A campo traviesa / Susan Price 
653 |a Literatura 
653 |a Literatura norteamericana 
653 |a Cuentos 
653 |a Cuentos norteamericanos 
653 |a Cuentos de terror 
653 |a Literatura juvenil 
653 |a Narrativa norteamericana 
859 |a CEMS  |b BIB. CEMS - Agricultura  |h 813.5  |i B439  |p A1394.11  |t Ej.1